000 00379nam a2200157Ia 4500
008 230917s9999||||xx |||||||||||||| ||und||
020 _cPOU4.5
040 _e9218
_aMAIN
041 _aEnglish
082 _a309 S58F
100 _aSennett, Richard
245 0 _aFall of public Man
260 _aLondon
_bCambridge University Press
_c1976
300 _ax, 386 p.
942 _cBK
999 _c194745
_d194745